000 01243nam a2200373 i 4500
001 13150
003 KOSZ 005
005 20200508122914.0
008 071011s1965 pl a f 000 0 pol
015 _aPB 1966/1728
040 _aWA N
_cWA N
_dKOSZ 005/RW
_dKOSZ 005/HR
046 _k1965
080 _a681
080 _a621.38
080 _a621.791/.795
080 _a534-8
100 1 _aPawlak, Edmund
_d(1934-2016)
245 1 0 _aZgrzewanie ultradźwiękowe w budowie przyrządów precyzyjnych i w elektronice /
_cEdmund Pawlak.
260 _aWarszawa :
_bWydawnictwa Naukowo-Techniczne,
_c1965.
300 _a99, [1] s. :
_bil. ;
_c24 cm.
380 _aKsiążki.
388 _a1901-2000
490 1 _aNowa Technika ;
_vz. 58.
504 _aBibliogr. s. 98-[100].
521 8 _aDla techników i inżynierów technologów.
650 4 _aUltradźwięki
658 _aInżynieria i technika
650 4 _aZgrzewanie
650 4 _aMechanika precyzyjna
710 2 _aWydawnictwa Naukowo-Techniczne
_4pbl.
830 0 _aNT Nowa Technika
_vz. 58.
856 _uhttp://koha.tu.koszalin.pl/cgi-bin/koha/opac-detail.pl?biblionumber=13150
_yKatalog online BPK
942 _2UKD
_cKS
999 _c13150
_d13150